00605nam a22001817a 4500003000400000005001700004008004100021020001800062040002900080050002600109100006000135245007900195250001200274260006000286300001000346650004200356650002500398OSt20250721113754.0250721b |||||||| |||| 00| 0 eng d a0-13-114551-7 cChuka University Library aHF 5547.5b.S364 2005 aSchroeder, Betty L., Diane Routhier Graf and Carol Mull aOffice AdministrationbCertified Professional Secretary Examination Review a5th ed. aUpper Saddle River, New JerseybPearson Educationc2005 a449p. a1. Office administration---Automation a2. Office management